Analýza vzťahov Slovenska a Vatikánu bakalárska práca

Uložené v:
Podrobná bibliografia
Hlavný autor: Bačová, Viera
Korporativný autor: Fakulta medzinárodných vzťahov EU. Katedra medzinárodných politických vzťahov
Ďalší autori: Kucharčík, Rudolf, 1977-
Médium: Kniha
Jazyk:Slovak
Vydavateľské údaje: Bratislava 2014
Tagy: Pridať tag
Žiadne tagy, Buďte prvý, kto otaguje tento záznam!

MARC

LEADER 00000nbm a2200000 4500
001 0187714
005 20170201090807.4
041 0 |a slo 
044 |a SK 
245 1 0 |a Analýza vzťahov Slovenska a Vatikánu  |b bakalárska práca  |c Viera Bačová ; školiteľ: Rudolf Kucharčík 
264 1 |a Bratislava  |c 2014 
300 |a 61 s. 
100 1 |a Bačová, Viera 
700 1 |a Kucharčík, Rudolf, 1977- 
710 2 |a Fakulta medzinárodných vzťahov EU. Katedra medzinárodných politických vzťahov